ბათუმის შოთა რუსთაველის სახელმწიფო უნივერსიტეტის ბიბლიოთეკა

საქართველო პოლიტიკურ–ადმინისტრაციული რუკა. (ბიბ.ჩანაწერი № 43890)

000 -LEADER
fixed length control field 00691nam a2200193Ia 4500
001 - CONTROL NUMBER
control field 10639
003 - CONTROL NUMBER IDENTIFIER
control field GE_BSU
008 - FIXED-LENGTH DATA ELEMENTS--GENERAL INFORMATION
fixed length control field 181216s||||||||xx |||||||||||||| ||und||
040 ## - CATALOGING SOURCE
Transcribing agency GE_BSU
245 ## - TITLE STATEMENT
Title საქართველო პოლიტიკურ–ადმინისტრაციული რუკა.
245 ## - TITLE STATEMENT
Remainder of title 1:600 000
245 ## - TITLE STATEMENT
Statement of responsibility, etc. რედ:ნოდარ ფეიქრიშვილი.
260 ## - PUBLICATION, DISTRIBUTION, ETC.
Place of publication, distribution, etc. თბილისი
260 ## - PUBLICATION, DISTRIBUTION, ETC.
Name of publisher, distributor, etc. გეომედი
260 ## - PUBLICATION, DISTRIBUTION, ETC.
Date of publication, distribution, etc. 2011–2014.
653 ## - INDEX TERM--UNCONTROLLED
Uncontrolled term საქართველო პოლიტიკურ–ადმინისტრაციული რუკა.
942 ## - ADDED ENTRY ELEMENTS (KOHA)
Koha item type რუკები
ეგზემპლარები
Withdrawn status Lost status Damaged status Not for loan Date acquired Barcode Date last seen Price effective from Koha item type Public note
        2018-12-17 34523 2018-12-17 2018-12-17 რუკები  
        2018-12-17 34524 2018-12-17 2018-12-17 რუკები  
        2018-12-17 34525 2018-12-17 2018-12-17 რუკები არის გეოგრ.-ს დეპ-ში(მიღ.-ჩაბ-ს აქტი№18)